Movies Quiz

Random Movies or Clickable Quiz

Movie Gents Without Sense Quiz Stats

 Plays Quiz Updated Jul 15, 2018

Score 0/16 Timer 02:00
6 Plays Today
% Correct
Bean
96.9%
Lloyd & Harry
95.5%
Zoolander
95.4%
The Wet Bandits
94.6%
Brennan & Dale
93.5%
Alan
92.9%
Biff
91%
Drebin
89.9%
% Correct
Walter
89.5%
Brick
89%
Griswold
88.8%
Clouseau
88.6%
Louis
86.6%
Spicoli
85.7%
Spackler
85.7%
Navin
82.1%

You're not logged in!

Compare scores with friends on all Sporcle quizzes.
OR
Log In

Sporcle TV

Today on Sporcle TV


Watch our educational content, quiz creation guides, and fun videos on Sporcle TV.

Show Comments

Extras

Top Quizzes Today


Score Distribution

Your Account Isn't Verified!

In order to create a playlist on Sporcle, you need to verify the email address you used during registration. Go to your Sporcle Settings to finish the process.

Report this User

Report this user for behavior that violates our Community Guidelines.

Details: